000 00457nam a2200157 i 4500
001 55633
003 ES-MaACL
005 20230906163202.0
007 t|
008 030924s1928 fr ||||1| fre d
100 1 _aDesonay, Fernand.
_943915
245 1 3 _aLe rêve hellénique chez les poètes parnassiens /
_cFernand Desonay.
260 _aParis :
_bChampion,
_c1928 (
_eNogent-le-Rotrou)
300 _aXXXII, 429 p. ;
_c25 cm.
852 _aES-MaACL
_jA-2341
999 _c55633
_d55633